[Event "NRW-ch U12"]
[Site "Kranenburg"]
[Date "2007.04.10"]
[Round "3"]
[White "Eigemann, Julian"]
[Black "Ruttert, Marc Andre"]
[Result "1-0"]
[WhiteElo "1468"]
[BlackElo "884"]
[PlyCount "87"]
[EventDate "2007.04.09"]
[EventType "swiss"]
[EventRounds "7"]
[EventCountry "GER"]
[SourceTitle "EXT 2008"]
[Source "ChessBase"]
[SourceDate "2007.11.25"]
[SourceVersion "1"]
[SourceVersionDate "2007.11.25"]
[SourceQuality "1"]

1. e4 e5 2. Nf3 Nc6 3. Nc3 Nf6 4. d4 Bb4 5. d5 Ne7 6. Bd3 h6 7. Nxe5 d6 8. Nf3 0-0 9. 0-0 Bxc3 10. bxc3 Bg4 11. Re1 Nd7 12. Bf4 Ng6 13. Bg3 Nge5 14. Be2 Ng6 15. Nd4 Bxe2 16. Qxe2 Nc5 17. Nf5 Re8 18. Qg4 Qf6 19. c4 Ne5 20. Bxe5 Rxe5 21. f3 Rae8 22. Re2 Rxf5 23. Qxf5 Qxa1+ 24. Kf2 Qd4+ 25. Kf1 Qxc4 26. a3 Na4 27. Kf2 Qd4+ 28. Kf1 Nc3 29. Re1 Qc4+ 30. Kf2 Qc5+ 31. Kg3 Qxa3 32. Qd7 Re6 33. dxe6 fxe6 34. Qxe6+ Kh7 35. Qf5+ Kh8 36. e5 dxe5 37. Rxe5 Qd6 38. f4 Qd8 39. Qf7 Kh7 40. Re6 Ne2+ 41. Rxe2 Qf6 42. Qxf6 gxf6 43. Re7+ Kg6 44. Rxc7 1-0